PANE TREM - Não trava embaixo -Há indicação de travamento das 3 pernas - Statistics

Estatísticas Gerais
  • Esse quiz foi jogado 213 vezes
  • A pontuação média é 5 de 8
Estatísticas das Respostas
Hint Resposta % Correto
1 Recolher e tentar novo ciclo
100%
3 Persistindo a pane, baixar em EMG
67%
Há indicação de travamento das 3 pernas do trem:
1
Declarar URGÊNCIA
63%
5 Pousar, livrar a pista, parar na interseção, cortar motor e solicitar reboque
50%
4 Se baixar flapes, voltar para calço hidráulico na Final
50%
3 Flapes como julgar, enquadrando a PB
46%
2 Manter calço hidráulico
46%
2 Manter o perfil do tráfego
42%
Nenhum quiz correspondente encontrado
Distribuição das Pontuações
Porcentagem de Pessoas com Cada Pontuação
Percentil de Números Respondidos
Sua Pontuação Histórica
Você não jogou esse quiz